Autonomie et travail personnel des élèves , dans l'enseignement des disciplines scientifiques en lycée (Record no. 8103)

MARC details
000 -LEADER
fixed length control field 00416nam a2200109 4500
008 - FIXED-LENGTH DATA ELEMENTS--GENERAL INFORMATION
fixed length control field b xx# fre u
040 ## - CATALOGING SOURCE
Original cataloging agency LB-BrCRDP
082 1# - DEWEY DECIMAL CLASSIFICATION NUMBER
Classification number 372.3 V2
Item number Min
245 10 - TITLE STATEMENT
Title Autonomie et travail personnel des élèves , dans l'enseignement des disciplines scientifiques en lycée
Number of part/section of a work volume2
Statement of responsibility, etc. Ministère de l'éducation nationale
942 ## - ADDED ENTRY ELEMENTS (KOHA)
Koha item type Books

No items available.